| 000 | 00506nam a2200181Ia 4500 | ||
|---|---|---|---|
| 003 | GCL | ||
| 008 | 140319s9999 xx 000 0 ara d | ||
| 040 |
_aGCL / _cGCL |
||
| 082 | 0 | 4 |
_aق _b810.97 _bم ف |
| 100 | 1 | _aمحمد كامل حسين | |
| 245 | 1 | 0 |
_aفى ادب مصر الفاطمية / _cمحمد كامل حسين |
| 260 |
_a[S.N] : _bدار الفكر العربى ، _c1963 |
||
| 300 | _a379 ص | ||
| 490 | _a | ||
| 650 | 0 | 4 | _aالادب العربى |
| 650 | 0 | 4 | _aمصر |
| 942 |
_2ddc _cBK |
||
| 999 |
_c36245 _d36245 |
||